Critical Responses to World of English Literature (Record no. 201280)

MARC details
000 -LEADER
fixed length control field 00507nam a2200193Ia 4500
008 - FIXED-LENGTH DATA ELEMENTS--GENERAL INFORMATION
fixed length control field 240823s9999||||xx |||||||||||||| ||und||
020 ## - INTERNATIONAL STANDARD BOOK NUMBER
International Standard Book Number 978-93-81658-04-8
082 ## - DEWEY DECIMAL CLASSIFICATION NUMBER
-- 820 Q3
100 ## - MAIN ENTRY--PERSONAL NAME
Personal name Kanniyakumari Academy of Arts and Sciences (KAAS)
245 #0 - TITLE STATEMENT
Title Critical Responses to World of English Literature
250 ## - EDITION STATEMENT
Edition statement 1st
260 ## - PUBLICATION, DISTRIBUTION, ETC. (IMPRINT)
Date of publication, distribution, etc 2013
Name of publisher, distributor, etc KAAS Publication Div
500 ## - GENERAL NOTE
General note YES
650 ## - SUBJECT ADDED ENTRY--TOPICAL TERM
Topical term or geographic name as entry element English
942 ## - ADDED ENTRY ELEMENTS (KOHA)
Item type Books
Holdings
Withdrawn status Lost status Damaged status Permanent location Current location Date acquired Cost, normal purchase price Full call number Barcode Date last seen Koha item type
      CENTRAL LIBRARY, NOORUL ISLAM CENTRE FOR HIGHER EDUCATION CENTRAL LIBRARY, NOORUL ISLAM CENTRE FOR HIGHER EDUCATION 10/09/2013 525.00 820 Q3 52412 08/23/2024 Books
Visitors:
Copyright © 2024 Central Library NICHE.  All rights reserved.